000 01066nam a2200205Ia 4500
003 Ost
005 20260507075028.0
008 260507s9999||||xx |||||||||||||| ||und||
040 _cfsecg
041 _aara
082 _a330
100 _aأبوبكر، مصطفى محمود
_eمؤلف
245 0 _aأخصائي البيع الناجح /
_c مصطفى محمود أبوبكر
260 _aالإسكندرية:
_bالدار الجامعية,
_c[دون تاريخ]
300 _a371 صفحة؛
_bإيضاحات ؛
_c24 سم
520 _aوظيفة البيع وتحقيق التميز البيعي- وظائف أخصائي البيع ومتطلبات تحقيق الكفاءة البيعية- المقابلات والمكالمات التليفونية الناجحة- أخصائي البيع ومهارات التفاوض مع العميل- أخصائي البيع وتقييم الأفكار الجديدة- النماذج الرئيسية لأخصائي البيع
653 _aأدارة المبيعات
653 _aالبيع
942 _cكتاب
999 _c42359
_d42359